[Event "BL 2016-17"]
[Site "St. Veit/Glan"]
[Date "2017.03.26"]
[Round "8"]
[White "Bosiocic, Marin"]
[Black "Ragger, Markus"]
[Result "0-1"]
[WhiteElo "2602"]
[BlackElo "2681"]
[Annotator "TA"]
[PlyCount "135"]
[EventDate "2017.??.??"]
[EventType "team-tourn"]
[EventCountry "AUT"]
[SourceTitle "playchess.com"]
[Source "ChessBase"]
[SourceQuality "1"]
[WhiteTeam "St. Veit"]
[BlackTeam "Maria Saal"]

{[%evp 8,135,21,14,18,8,17,13,14,16,17,12,14,8,14,3,20,12,15,9,35,8,13,0,0,0,15,0,7,0,0,0,20,-3,-9,-21,-29,-10,-18,-23,0,0,0,0,0,-16,-15,-16,-25,-35,1,0,0,0,0,0,0,-42,-16,-26,-34,-52,-52,-50,-46,-70,-81,-80,-36,-75,-65,-69,-70,-94,-72,-81,-72,-239,-234,-409,-425,-377,-126,-99,0,-374,-337,-449,-462,-441,-439,-473,-381,-421,-460,-469,-462,-454,-433,-433,-433,-433,-415,-281,-170,-2604,-549,0,-2,-29969,-29970,-29970,-29971,-29971,-29971,-29971,-29967,-29967,-29967,-29962,-29962,-29956,-29961,-29968,-29969,-29968,-29966,-5429,-4602,-741]} 1. Nf3 Nf6 2. e3 g6 3. b4 e6 4. a3 Bg7 5. Bb2 b6 {A00: Irregular Openings} 6. Be2 Bb7 7. O-O O-O {The position is equal.} 8. c4 c5 (8... d6 9. Nc3 Nbd7 10. d4 Ne4 11. Nxe4 Bxe4 {1-0 (56) Kasparov,S (2485)-Trent,L (2470) Aarhus 2015}) 9. Nc3 Nc6 $146 (9... Qe7 10. b5 d5 11. d4 Rd8 12. Qb3 dxc4 13. Qxc4 Nbd7 {0-1 (70) Khrustalev,A (2003)-Dolbnya,D (2033) Moscow 2008}) 10. Qb3 Qe7 {[%cal Rc5b4]} 11. Rab1 d6 12. d4 cxd4 13. exd4 e5 14. dxe5 dxe5 15. Rfe1 Rad8 (15... Nd4 $6 16. Nxd4 exd4 17. Bf3 $16) 16. Bf1 Qe6 (16... Nd4 $6 17. Nxd4 Rxd4 18. Nd5 Bxd5 19. cxd5 (19. Bxd4 Be4 $16) 19... Rxd5 20. Bc4 $16) 17. Nb5 {[%cal Rf3e5]} a6 {[#]} 18. Nbd4 $1 {[%mdl 512]} Nxd4 19. Nxd4 Qd6 (19... Rxd4 $6 20. Bxd4 Be4 21. Rxe4 Nxe4 22. Be3 $16) 20. Nc2 Ne4 {Strongly threatening ...Nd2.} 21. Rbd1 Qxd1 22. Rxd1 Rxd1 23. Ne3 Rdd8 24. Bd3 Ng5 {[%cal Be4g5,Bg5e6,Be6d4][%mdl 32]} 25. h4 Ne6 26. Bf1 Nd4 27. Qa2 h5 28. a4 Kh7 29. a5 b5 30. cxb5 Nxb5 31. Bxb5 axb5 32. Qa1 Rfe8 33. Qf1 Bc6 34. Qe2 Re6 35. Qc2 Bf8 36. Bxe5 Bxb4 37. a6 Ra8 38. Qb2 Rxa6 {Threatens to win with ...Ba3.} 39. Qxb4 Rxe5 40. Qf4 Re7 $1 41. Qf6 Rea7 {Hoping for ...Bxg2!} 42. g4 $2 (42. Qd4 $17 {was called for.}) 42... hxg4 $1 $19 43. Kh2 $2 (43. Nxg4 Bd5 44. Qd4 Ra1+ 45. Kh2 Rh1+ 46. Kg3 Rg1+ 47. Kh3 Ra3+ 48. Ne3 Be6+ 49. Kh2) 43... Bf3 44. Qd4 Ra4 $2 (44... Rb7 $19 45. Nxg4 Bxg4 46. Qxg4 Rf6) 45. Qf6 $17 R4a6 $2 {[%mdl 8192]} (45... Re4 $1 $17 {[%cal Re4e6]} 46. h5 g3+ $1 {[%mdl 512]} 47. Kxg3 Bxh5) 46. Qd4 $1 $19 Rb7 47. Qb4 Ra4 48. Qb3 Ra1 49. Kg3 b4 50. h5 Ra3 ({Less strong is} 50... Rg1+ 51. Kf4 $19) 51. hxg6+ fxg6 52. Qb2 b3 53. Nxg4 {[#]} Bxg4 $1 {[%mdl 512]} ({Stronger than} 53... Ra2 54. Nf6+ (54. Qc1 $2 Ra6 55. Qb2 Bxg4 56. Kxg4 Ra2 $19) 54... Kg7 55. Qd4 $11) 54. Kxg4 {[%mdl 4096] Endgame KQ-KRR} Ra2 {( -> ...Rb4+)} 55. Qb1 Kg7 56. Qe4 Ra4 57. Qxa4 {KQ-KR} b2 58. Kg5 $2 {[%mdl 8192]} (58. Qd4+ $11 Kh7 59. Kg5 Rb5+ 60. Kg4) 58... b1=Q 59. Qd4+ {[#]} Kf7 $1 60. Qd5+ Ke7 61. Qe5+ Kd7 62. Qd5+ Kc7 63. Qc5+ Kb8 64. Qf8+ Ka7 65. Qa3+ Kb6 66. Qd6+ Ka5 67. Qd8+ Qb6 68. Qd5+ 0-1

[Event "BL 2016-17"]
[Site "Germany"]
[Date "2017.02.19"]
[Round "8"]
[White "Braun, Arik"]
[Black "Baldauf, Marco"]
[Result "0-1"]
[WhiteElo "2586"]
[BlackElo "2439"]
[Annotator "TA"]
[PlyCount "90"]
[EventDate "2017.??.??"]
[EventType "team-tourn"]
[EventCountry "GER"]
[SourceTitle "playchess.com"]
[Source "ChessBase"]
[SourceQuality "1"]
[WhiteTeam "Hockenheim"]
[BlackTeam "SF Berlin"]

{[%evp 32,90,-4,-4,0,-9,-9,-25,-36,-28,-16,-25,-2,-50,-26,-90,-94,-90,-88,-187,-209,-192,-178,-214,-220,-311,-318,-335,-305,-295,-244,-235,-231,-222,-232,-235,-230,-230,-230,-237,-241,-272,-257,-275,-272,-273,-266,-355,-352,-377,-375,-385,-378,-360,-305,-357,-300,-297,-277,-470,-470]} 1. d4 Nf6 2. c4 g6 3. Nc3 d5 4. Nf3 Bg7 5. Bf4 O-O 6. Rc1 dxc4 7. e3 Be6 8. Ng5 Bd5 9. e4 h6 10. exd5 hxg5 11. Bxg5 Nxd5 12. Bxc4 Nb6 13. Bb3 Nc6 14. Ne2 a5 15. a4 Rc8 16. O-O Nxd4 17. Nxd4 {LiveBook: 9 Games} Qxd4 ({Reject} 17... Bxd4 18. Qe1 Re8 19. Qxa5 $14) 18. Qf3 e6 19. Rfe1 {The position is equal.} Nd7 ({But not} 19... Qxb2 $2 20. Re2 Qd4 {[#]} 21. Rxe6 $1 $18 {[%mdl 512]}) 20. h4 ({Not} 20. Qxb7 $2 Rb8 21. Qf3 Ne5 22. Rxe5 Qxe5 $19) 20... Ne5 21. Qg3 Qg4 {And now ...Qxg3 would win.} 22. Qe3 {[#]} c5 $1 {[%mdl 512]} 23. Be7 {[#]} (23. Bc2 $11 {keeps the balance.}) (23. Rxc5 Rxc5) 23... Rfe8 $1 $36 {[%cal Re8e7][%mdl 2048] Black is in control.} 24. Bd6 Nd7 25. Qe2 (25. Bxc5 $17 {was necessary.} Nxc5 26. Rxc5) 25... Qxh4 $19 26. g3 Qb4 27. Bc4 {[#]} Nb6 $1 28. Bb5 (28. Kg2 {was called for.}) 28... Red8 29. Be5 Bxe5 30. Qxe5 Qd4 31. Qe2 Qf6 32. Rc3 Rd5 33. Rf3 Rf5 34. Rxf5 gxf5 35. Rc1 Kg7 36. b3 Nd5 37. Bc4 Nc3 38. Qe3 Ne4 39. Rd1 Rd8 40. Rxd8 Qxd8 41. Kg2 Qd2 42. Qf3 b6 43. Kg1 Nf6 44. Kg2 Ng4 45. Kg1 $2 (45. Qf4 Qxf4 46. gxf4) 45... Ne5 0-1

[Event "BL 2016-17"]
[Site "Germany"]
[Date "2017.02.19"]
[Round "8"]
[White "Michalik, Peter"]
[Black "Predojevic, Borki"]
[Result "1/2-1/2"]
[WhiteElo "2582"]
[BlackElo "2611"]
[Annotator "TA"]
[PlyCount "40"]
[EventDate "2017.??.??"]
[EventType "team-tourn"]
[EventCountry "GER"]
[SourceTitle "playchess.com"]
[Source "ChessBase"]
[SourceQuality "1"]
[WhiteTeam "Schwäbisch Hall"]
[BlackTeam "Solingen"]

{[%evp 15,40,16,17,-2,0,-10,11,0,0,4,7,3,3,-6,-8,-8,-1,-11,-6,-15,-22,-92,-102,-99,0,0,0]} 1. d4 e6 2. c4 Nf6 3. Nf3 d5 4. Nc3 Nbd7 5. Bg5 h6 6. Bh4 Be7 7. cxd5 Nxd5 8. Bxe7 Qxe7 {LiveBook: 5 Games} 9. Qb3 O-O 10. g3 Nxc3 11. Qxc3 c5 12. Bg2 cxd4 13. Nxd4 Nf6 14. Nf3 b6 15. O-O Bb7 16. Rac1 Rac8 17. Qe3 Qb4 18. Qd2 {[#]} (18. Qe5 $11 {keeps the balance.}) 18... Qxd2 $1 $17 19. Nxd2 {[#]} Rxc1 (19... Ba6 $1 $17 20. Bf3 g5) 20. Rxc1 $11 Rc8 1/2-1/2

[Event "BL 2016-17"]
[Site "St. Veit/Glan"]
[Date "2017.03.26"]
[Round "8"]
[White "Shengelia, David"]
[Black "Vlcek, Stanislav"]
[Result "1-0"]
[WhiteElo "2572"]
[BlackElo "2275"]
[Annotator "TA"]
[PlyCount "63"]
[EventDate "2017.??.??"]
[EventType "team-tourn"]
[EventCountry "AUT"]
[SourceTitle "playchess.com"]
[Source "ChessBase"]
[SourceQuality "1"]
[WhiteTeam "Jenbach"]
[BlackTeam "Nickelsdorf"]

{[%evp 18,63,0,0,0,0,0,0,35,25,41,48,63,70,62,56,49,43,40,40,54,50,88,72,97,70,125,112,113,117,212,194,206,206,229,236,335,358,359,358,343,329,328,321,385,372,6913,6544]} 1. Nf3 Nf6 2. d4 g6 3. Bg5 Bg7 4. Nbd2 c5 5. e3 d6 6. Bd3 {A48: 1 d4 Nf6 2 Nf3 g6: Torre, London and Colle Systems} Nc6 7. c3 cxd4 8. exd4 h6 9. Bh4 O-O 10. O-O {LiveBook: 8 Games} e5 11. dxe5 dxe5 12. Ne4 $146 (12. Qc2 Qc7 13. Bxf6 Bxf6 14. Bc4 Kg7 15. Rfe1 Bf5 16. Bd3 Nb4 17. cxb4 Qxc2 18. Bxc2 Bxc2 19. Nxe5 {½-½ (55) Nogueiras Santiago,J (2570)-Miles,A (2595) Tilburg 1992}) 12... Bf5 13. Qc2 Bxe4 14. Bxe4 g5 15. Bxc6 bxc6 16. Bg3 e4 17. Rad1 {[%cal Ba1d1,Bd1d6,Bd6d7,Bd7e7][%mdl 32]} Qc8 18. Nd4 Re8 19. Qa4 c5 20. Nb5 {Hoping for Nd6.} Qc6 21. Qc4 $36 {[%mdl 2048] Strongly threatening Nc7. White is more active.} Nh5 {[#]} (21... e3 $14 22. fxe3 Rxe3) 22. Rd6 $1 $16 {[%cal Rd6c6]} Qc8 23. Rfd1 {Nc7! is the strong threat.} Nxg3 {[#]} (23... Re7 $16) 24. Rd7 $1 $18 (24. fxg3 Re7 $14) (24. hxg3 $6 e3 $16) 24... Rf8 {aiming for ...Nh5.} 25. hxg3 {[%cal Bh2g3,Bg3g4][%mdl 32]} e3 26. fxe3 Be5 (26... Rb8 {is a better defense.} 27. Rxa7 (27. Nxa7 Qe8 $14) 27... Qe8) 27. Re7 a6 28. Nd6 (28. Rxe5 axb5 29. Qxc5 Qxc5 30. Rxc5 b4 $16) 28... Bxd6 29. Rxd6 Qf5 30. g4 (30. Rxa6 Rad8 31. Qe4 (31. Rxh6 $2 Rd1+ 32. Kh2 Qb1 $19) 31... Qxe4 32. Rxe4 Rd2 $16) 30... Qb1+ 31. Kh2 Rad8 $2 (31... Qh7 32. Qxc5 Qg7) 32. Rxd8 ({Less strong is} 32. Qxa6 Rxd6 33. Qxd6 Kg7 34. Qe5+ (34. Qxc5 Qxb2 35. Qe5+ Kg8 $16) 34... Kh7 $18) 1-0

[Event "BL 2016-17"]
[Site "St. Veit/Glan"]
[Date "2017.03.26"]
[Round "8"]
[White "Naumann, Alexander"]
[Black "Koop, Thorben"]
[Result "1/2-1/2"]
[WhiteElo "2568"]
[BlackElo "2400"]
[Annotator "TA"]
[PlyCount "63"]
[EventDate "2017.??.??"]
[EventType "team-tourn"]
[EventCountry "AUT"]
[SourceTitle "playchess.com"]
[Source "ChessBase"]
[SourceQuality "1"]
[WhiteTeam "Maria Saal"]
[BlackTeam "St. Veit"]

{[%evp 18,63,41,22,22,24,33,0,0,0,7,-5,10,5,14,0,4,0,0,0,7,1,14,0,14,0,0,0,0,0,0,0,0,0,4,0,0,0,0,0,0,0,0,0,0,0,0,0]} 1. e4 c5 2. Nf3 Nc6 3. d4 cxd4 4. Nxd4 e5 5. Nb5 d6 6. N1c3 a6 7. Na3 b5 8. Nd5 Nge7 9. c4 Nd4 10. Bd3 Nxd5 {B32: Sicilian: Löwenthal and Kalashnikov Variations} 11. cxd5 Be7 (11... g6 12. O-O Bg7 13. Nc2 O-O 14. Nxd4 exd4 15. Bf4 f5 16. exf5 Bxf5 17. Bg3 {0-1 (42) Kobo,O (2482)-Edouard,R (2613) Caleta 2017}) 12. Nc2 Nxc2+ $1 {The position is equal.} 13. Qxc2 Bd7 14. Be3 O-O 15. Qd2 h6 16. O-O Bg5 17. Rac1 Bxe3 18. Qxe3 Qb8 $146 19. h3 Qb7 20. Be2 Rac8 21. Bg4 Rxc1 22. Rxc1 {Black should prevent Bxd7.} Rc8 23. Rxc8+ Bxc8 24. Qc3 Bxg4 25. hxg4 $11 {[%mdl 4096] Endgame KQ-KQ} Kf8 26. g3 f6 27. Kg2 Ke8 28. b4 Ke7 29. a3 g5 30. Qc1 Kf8 31. Qc3 ({Don't play} 31. Qc6 Qxc6 32. dxc6 Ke8 $17) 31... Kf7 32. Qc1 1/2-1/2

[Event "BL 2016-17"]
[Site "Germany"]
[Date "2017.02.19"]
[Round "8"]
[White "Naumann, Alexander"]
[Black "Zeller, Frank"]
[Result "1/2-1/2"]
[WhiteElo "2568"]
[BlackElo "2393"]
[Annotator "TA"]
[PlyCount "69"]
[EventDate "2017.??.??"]
[EventType "team-tourn"]
[EventCountry "GER"]
[SourceTitle "playchess.com"]
[Source "ChessBase"]
[SourceQuality "1"]
[WhiteTeam "Solingen"]
[BlackTeam "Schwäbisch Hall"]

{[%evp 12,69,59,45,61,55,80,38,80,80,76,59,63,55,82,53,73,52,52,53,36,37,68,20,40,-11,-17,-155,-6,-8,-13,-11,-18,-15,0,0,21,25,26,-8,2,0,0,0,0,0,0,-5,0,0,0,0,0,0,0,0,0,0,0,0]} 1. e4 e5 2. Nf3 Nc6 3. Bb5 {??.} a6 4. Ba4 d6 5. O-O Bg4 6. h3 h5 7. d4 (7. hxg4 hxg4 8. Bxc6+ bxc6 $15) 7... b5 8. Bb3 (8. hxg4 hxg4 9. Ng5 bxa4 $17) 8... Nxd4 9. hxg4 Nxb3 10. axb3 hxg4 11. Ng5 Qd7 $1 12. Qd3 {aiming for f4.} c6 13. c4 $1 {[%cal Rc4b5,Bc2c4,Bc4c5][%mdl 32] Threatens to win with cxb5.} b4 14. c5 f6 15. Rd1 {[%cal Rc5d6]} fxg5 16. Be3 {[%cal Rc5d6]} Rd8 17. cxd6 g3 18. Rxa6 ({White should play} 18. Qxa6 $14 Nf6 19. fxg3 Nxe4 20. Ra5 Bxd6 {[#]} 21. Rxe5+ $1 {[%mdl 512]} Bxe5 22. Rxd7 Kxd7 23. Qb7+ Ke6 24. Qxc6+ Nd6 25. Nd2 (25. Bxg5 $2 Bd4+ 26. Kf1 Rh1+ 27. Ke2 Rc8 $19)) 18... Bxd6 $11 {...Qg4 is the strong threat.} ({But not} 18... Qxd6 $6 19. Qxd6 gxf2+ 20. Kxf2 Bxd6 21. Rxc6 $16 (21. Bxg5 Bc5+ 22. Ke2 Rxd1 23. Kxd1 Rh1+ 24. Kc2 Kd7 $17)) 19. f3 {[#]} (19. fxg3 $2 Qg4 20. Qc2 Ne7 21. Rxd6 Rxd6 22. Ra8+ Rd8 23. Rxd8+ Kxd8 24. Qd3+ Ke8 $19) (19. Nd2 $11 {keeps the balance.}) 19... g4 ({Better is} 19... Qc8 $1 $17 20. Qe2 Qe6) 20. Ra7 Qe6 {Strongly threatening ...gxf3.} 21. Qc4 $1 {[%cal Rc4e6]} Qxc4 22. bxc4 {[%cal Bb3c4,Bc4c5][%mdl 32]} Nf6 23. c5 $1 Be7 {[%cal Rd8d1]} 24. Rxd8+ Bxd8 25. Rxg7 Be7 {The position is equal.} 26. Nd2 ({Don't take} 26. fxg4 $2 Bf8 27. Rg6 Kf7 28. Rxf6+ Kxf6 29. g5+ Ke6 $19) 26... gxf3 27. Rxg3 fxg2 28. Kxg2 Kf7 29. Kf3 Ke6 30. Rg7 Rh3+ 31. Rg3 Rh1 32. Rg1 Rh3+ 33. Rg3 Rh1 34. Rg1 Rh3+ 35. Rg3 1/2-1/2

[Event "BL 2016-17"]
[Site "Germany"]
[Date "2017.02.19"]
[Round "8"]
[White "Ernst, Sipke"]
[Black "Zysk, Robert"]
[Result "0-1"]
[WhiteElo "2562"]
[BlackElo "2398"]
[Annotator "TA"]
[PlyCount "80"]
[EventDate "2017.??.??"]
[EventType "team-tourn"]
[EventCountry "GER"]
[SourceTitle "playchess.com"]
[Source "ChessBase"]
[SourceQuality "1"]
[WhiteTeam "Hamburger SK"]
[BlackTeam "Zugzwang München"]

{[%evp 12,80,18,18,18,12,23,18,29,25,23,18,18,19,22,21,25,26,43,16,75,32,66,63,48,35,29,29,45,17,25,0,0,0,9,9,5,0,0,0,0,0,17,0,100,105,124,108,110,124,117,77,77,77,74,-267,-251,-781,-768,-746,-750,-668,-328,-381,-381,-381,-381,-381,-381,-388,-381]} 1. d4 e6 2. c4 Bb4+ 3. Bd2 {??.} a5 4. e3 Nf6 5. Bd3 O-O 6. Nc3 d5 7. Nf3 b6 8. O-O dxc4 9. Bxc4 Bb7 10. Qe2 Nbd7 11. Rfd1 Qe7 12. a3 Bxc3 $1 13. Bxc3 Ne4 14. Be1 c5 15. Bb5 Rfd8 (15... Nd6 $11) 16. Rac1 Rac8 17. dxc5 Rxc5 (17... Ndxc5 $2 18. b4 $18) 18. b4 Rxc1 19. Rxc1 {Rc7 is the strong threat.} axb4 20. Bxb4 Ndc5 21. Nd4 Qg5 22. Nf3 Qf6 23. Ne1 Qg5 24. Nf3 Qf6 25. a4 h6 26. h3 Bd5 27. Nd4 Ra8 {[#]} (27... Ba8 $11 {keeps the balance.}) 28. f3 $1 $16 {[%cal Rf3e4]} Ng3 29. Qf2 Nf5 30. Nxf5 exf5 ({Don't take} 30... Qxf5 $2 31. e4 (31. Bxc5 bxc5 32. e4 Qf4 $18) 31... Nxe4 32. fxe4 Qxe4 33. Bd6 $18) 31. Bxc5 bxc5 32. Rxc5 Bb3 33. Bc6 $2 {[%mdl 8192] [#]} (33. Qd2 $16 {stays on course.}) 33... Rc8 $19 34. Bd5 $2 (34. a5) 34... Rxc5 35. Bxb3 {[%mdl 4096] Endgame KQR-KQB} Rc1+ 36. Kh2 Rc3 (36... Qc3 $142 37. Bxf7+ Kxf7 38. Qa2+ Kf6) 37. Bc2 Qe5+ {Black is winning.} 38. f4 Qc5 39. Bb1 g6 40. a5 Qxe3 0-1

[Event "BL 2016-17"]
[Site "St. Veit/Glan"]
[Date "2017.03.26"]
[Round "8"]
[White "Skoberne, Jure"]
[Black "Papp, Gabor"]
[Result "0-1"]
[WhiteElo "2555"]
[BlackElo "2579"]
[Annotator "TA"]
[PlyCount "108"]
[EventDate "2017.??.??"]
[EventType "team-tourn"]
[EventCountry "AUT"]
[SourceTitle "playchess.com"]
[Source "ChessBase"]
[SourceQuality "1"]
[WhiteTeam "Feffernitz"]
[BlackTeam "Wien-SK Ottakring"]

{[%evp 17,108,22,11,-10,-2,-8,-10,-69,-77,-60,-60,-64,-53,-72,-57,-59,-75,-56,-58,-181,-148,-145,-156,-160,-105,-256,-218,-223,-215,-222,-219,-241,-229,-239,-231,-223,-172,-291,-285,-279,-268,-354,-223,-219,-219,-211,-200,-229,-212,-208,-109,-152,-103,-94,-122,-101,-111,-101,-118,-111,-114,-100,-106,-104,-111,-119,-99,-153,-90,-706,-322,-704,-693,-786,-778,-781,-748,-1491,-1462,-29948,-29953,-5915,-9567,-4018,-2563,-29963,-29963,-29965,-29967,-29977,-29978,-29962,-4631]} 1. d4 Nf6 2. Nf3 e6 3. Bf4 c5 4. e3 Nc6 5. Nbd2 d5 6. c3 cxd4 7. exd4 {D02: 1 d4 d5 2 Nf3 sidelines, including 2...Nf6 3 g3 and 2...Nf6 3 Bf4} Nh5 8. Be3 (8. Bg5 f6 9. Be3 Bd6 10. g3 O-O 11. Bg2 f5 12. Ne5 f4 13. Qxh5 fxe3 14. fxe3 Nxe5 15. dxe5 {½-½ (56) Giri,A (2771)-So,W (2794) London 2016}) 8... Bd6 9. Ne5 {[%cal Bf3e5,Be5d3,Bd3f4][%mdl 32]} g6 {LiveBook: 4 Games} 10. Be2 (10. Ndf3 $5 {feels hotter.} f6 11. Ng4 Ng7 12. Nh6 Nf5 13. Nxf5 exf5 14. Qb3) 10... Ng7 $1 11. Nd3 $146 (11. f4 f6 12. Nd3 Nf5 13. Bf2 h5 14. Nf3 Qc7 {1-0 (32) Sandipan,C (2573)-Kobalia,M (2628) Moscow 2017}) 11... f6 {[%cal Bf7f6,Bf6e5][%mdl 32]} 12. Bf4 (12. f4 $11) 12... e5 $15 13. dxe5 fxe5 14. Bg3 e4 15. Nf4 Rf8 (15... O-O 16. Nxd5 Be6 17. Ne3 $16 (17. Nxe4 Bxg3 18. Ndf6+ Rxf6 19. Qxd8+ Rxd8 $16)) 16. Nxd5 Bxg3 17. Nxe4 Be5 18. Bc4 (18. Qb3 $1 $15) 18... Be6 19. Qe2 Bxd5 20. Rd1 {[#]} Nd4 (20... Ne7 21. Bxd5 Nxd5 22. Qb5+ Qd7 23. Rxd5 Qxb5 24. Rxb5 $15) ({Better is} 20... Bxe4 $1 {[%mdl 512]} 21. Rxd8+ (21. Qxe4 Qe7) 21... Kxd8 22. Qxe4 Bxc3+ 23. Kd1 (23. bxc3 $2 Re8 24. Qxe8+ Nxe8 $19) 23... Be5) 21. cxd4 $2 (21. Rxd4 $17 Bxd4 22. Bxd5 Bxf2+ 23. Nxf2+ Qe7 24. Bxb7 Qxe2+ 25. Kxe2) 21... Qa5+ 22. Nc3 Bxc4 (22... Bxg2 23. Bb5+ Kf7 24. Qc4+ (24. dxe5 Kg8 25. Rg1 Bf3 26. Qc4+ Kh8 $15) (24. Qxe5 $2 Rfe8 25. Bxe8+ Rxe8 26. Qxe8+ Nxe8 $19) (24. Rg1 Kg8 25. Qxe5 Rfe8 26. Bxe8 Rxe8 27. Qxe8+ Nxe8 28. Rxg2 Nd6 $14) 24... Ne6 25. dxe5 $16) 23. Qxc4 Bc7 $1 24. b4 Qf5 {[%csl Gf8][%cal Rf5f2]} 25. O-O {[%cal Bh1f1,Bf1e1,Be1e7][%mdl 32]} O-O-O ({Not} 25... Ne6 26. d5 (26. Rde1 Kd7 $15) 26... Bxh2+ 27. Kxh2 Qf4+ 28. Qxf4 Nxf4 29. Rd2 $16) 26. Nb5 {[%csl Gb5][%cal Rc4c7]} Qf7 27. Qc5 (27. Qxf7 {was necessary.} Rxf7 28. Nxa7+ Kb8 29. Nb5) 27... Rd5 $19 28. Qc4 Ne8 ({Less strong is} 28... Rxb5 29. Qxb5 Kb8 30. d5 $11) 29. Rfe1 {And now Rxe8+! would win.} Nd6 30. Qxc7+ Qxc7 31. Nxc7 Kxc7 32. Re7+ Kb6 33. Rxh7 Nf5 ({Black should play} 33... Kb5 $19 34. Re7 Kxb4) 34. g3 Rf6 35. h4 Rxd4 36. Rxd4 Nxd4 $17 {[%mdl 4096] Endgame KRN-KR} 37. Kg2 Nc2 38. b5 {[#]} Ne1+ $1 39. Kh3 Rxf2 40. Rh6 Kxb5 {White must now prevent ...Nf3.} 41. Rxg6 Rxa2 {Strongly threatening ...Nf3.} 42. h5 {[#]} (42. Rg7 $142) 42... Nf3 (42... Kc5 $142 $1 {Threatens to win with ...b5.} 43. h6 Nf3) 43. Rf6 $2 {[%mdl 8192]} (43. g4 $17) 43... Rh2+ $19 44. Kg4 Nd4 45. Rf7 Kc6 46. Rf6+ Kc5 47. Rf7 b5 {[%cal Bb7b5,Bb5b4,Bb4b3,Bb3b2][%mdl 32]} 48. Rxa7 b4 49. Rc7+ Kd5 50. Rd7+ Kc4 51. Rc7+ Kd3 {Black mates.} 52. Rb7 b3 53. Kg5 b2 54. h6 Kc3 0-1

[Event "BL 2016-17"]
[Site "St. Veit/Glan"]
[Date "2017.03.26"]
[Round "8"]
[White "Martinovic, Sasa"]
[Black "Georgiadis, Nico"]
[Result "1/2-1/2"]
[WhiteElo "2553"]
[BlackElo "2478"]
[Annotator "TA"]
[PlyCount "89"]
[EventDate "2017.??.??"]
[EventType "team-tourn"]
[EventCountry "AUT"]
[SourceTitle "playchess.com"]
[Source "ChessBase"]
[SourceQuality "1"]
[WhiteTeam "Hohenems"]
[BlackTeam "Götzis"]

{[%evp 36,89,6,2,11,7,18,13,12,10,7,7,14,24,17,0,0,0,0,0,4,6,22,25,19,22,45,47,41,12,68,65,63,61,72,58,58,63,56,54,53,0,52,0,72,50,58,26,28,18,18,0,0,0,22,0]} 1. d4 Nf6 2. c4 e6 3. Nc3 Bb4 4. Qc2 O-O 5. Nf3 c5 6. dxc5 Na6 {[%cal Bb8a6,Ba6c5,Bc5e4][%mdl 32]} 7. g3 Nxc5 8. Bg2 Nce4 9. O-O Nxc3 10. bxc3 Be7 11. e4 d6 12. e5 dxe5 13. Nxe5 Qc7 14. Qe2 Nd7 {E39: Nimzo-Indian: Classical: 4...c5 5 dxc5 0-0} 15. Bf4 Nxe5 16. Bxe5 Bd6 17. Rfe1 Bxe5 (17... Rb8 18. Rad1 Bxe5 19. Qxe5 Qxe5 20. Rxe5 b6 21. c5 f6 22. cxb6 axb6 {1-0 (55) Navara,D (2730)-Caruana,F (2787) Wijk aan Zee 2016}) 18. Qxe5 Qxc4 19. Red1 {LiveBook: 6 Games} a5 20. a4 f6 21. Qd6 Re8 22. Bf1 $146 (22. Rab1 Qxa4 {½-½ (46) Silin,V (2329)-Duduev,V ICCF email 2012}) 22... Qc6 23. Bb5 Qxd6 24. Rxd6 Rf8 25. f3 Kf7 26. c4 e5 27. c5 Be6 28. Bd7 $36 {[%mdl 2048] White has the initiative.} Bxd7 (28... Bc4 $5 {feels hotter.} 29. Rb1 Rab8 30. Bf5 g6 31. Rd7+ Kg8) 29. Rxd7+ $11 {[%mdl 4096] Endgame KRR-KRR} Kg6 30. Rxb7 Rfc8 31. Rc1 Rc6 32. Kf2 h5 (32... Rd8 $11) 33. Ke3 Kf5 34. Rb6 Rc7 35. Kd3 Rac8 $1 36. Rb5 $1 Rd8+ 37. Ke3 Ra8 38. Kd3 Rd8+ 39. Ke3 Ra8 $1 40. h3 Ke6 41. g4 hxg4 42. hxg4 Rc6 {The position is equal.} 43. Rb7 Rac8 44. Rb5 Ra8 45. Rb7 1/2-1/2

[Event "BL 2016-17"]
[Site "Germany"]
[Date "2017.02.19"]
[Round "8"]
[White "Babula, Vlastimil"]
[Black "Johansson, Linus"]
[Result "1-0"]
[WhiteElo "2552"]
[BlackElo "2408"]
[Annotator "TA"]
[PlyCount "87"]
[EventDate "2017.??.??"]
[EventType "team-tourn"]
[EventCountry "GER"]
[SourceTitle "playchess.com"]
[Source "ChessBase"]
[SourceQuality "1"]
[WhiteTeam "Werder Bremen"]
[BlackTeam "Bayern München"]

{[%evp 12,86,38,34,39,39,39,18,20,15,17,22,33,36,33,26,36,28,35,0,0,0,0,0,0,0,10,-13,-3,-7,44,53,46,52,209,208,206,202,199,195,411,410,437,344,329,184,301,232,393,197,201,195,202,182,188,198,200,153,166,108,199,125,1049,969,29991,29992,29992,29993,29993,507,482,0,29993,29994,29994,29995,29999]} 1. d4 Nf6 2. c4 e6 3. Nf3 d5 4. Nc3 Nbd7 5. Bf4 dxc4 6. e3 b5 7. Nxb5 Bb4+ 8. Nc3 Nd5 9. Rc1 (9. Bxc4 Nxc3 10. bxc3 Bxc3+ 11. Nd2 Bxa1 12. Qxa1 O-O $17) 9... N7b6 10. Bg3 O-O 11. Be2 c5 12. O-O {Black must now prevent Nxd5.} Nxc3 13. bxc3 Ba3 14. Rb1 Ba6 15. Ne5 {Hoping for Bf3.} cxd4 16. exd4 f6 17. Nc6 Qd7 18. Bf3 Bb7 19. d5 Nxd5 20. Nd4 $1 {Threatens to win with Rxb7!} Rad8 {[#]} (20... Nxc3 $11 21. Rxb7 Qxb7) 21. Rxb7 $1 $14 {[%mdl 512]} Qxb7 22. Nxe6 Qb5 $2 (22... Qd7 $14 23. Nxd8 Rxd8) 23. Nxd8 Rxd8 24. Qd4 $1 {aiming for Rd1.} Rd7 25. Qe4 $1 Nc7 $2 (25... Nxc3 26. Qe6+ Rf7) 26. Be2 $18 Qb8 27. Bxc4+ Kh8 28. h3 (28. Re1 $142 Bf8 29. Bb3) 28... Qd8 (28... Qe8 $142 29. Qf5 Qe7) 29. Rb1 Bc5 $2 (29... Bd6 {keeps fighting.} 30. Bxd6 Rxd6) 30. Kh2 (30. Rb7 $142 Bb6 31. a4) 30... Bb6 31. Re1 g6 32. h4 {[%cal Bh3h4,Bh4h5][%mdl 32]} Kg7 33. h5 Nd5 ({Don't go for} 33... gxh5 $2 34. Qf5 $18) 34. Qf3 Bc7 35. Re6 (35. Bb5 $18 Re7 36. Rxe7+ Nxe7 37. h6+ Kxh6 38. Qxf6) 35... Bxg3+ (35... f5 $16 36. Bb5 Re7 37. Rxe7+ Nxe7) 36. Qxg3 (36. fxg3 $18 f5 37. Bxd5 Rxd5 38. Qf4) 36... Ne7 $2 {[%mdl 8192] [#]} (36... Nb6 $16) 37. h6+ $1 {[%mdl 512]} Kxh6 38. Qh4+ ({Not} 38. Rxf6 Nf5 39. Qf4+ Kg7 $16) 38... Kg7 39. Qxf6+ Kh6 40. Qf4+ (40. Re3 $142 Rd5 41. Rh3+ Rh5 42. Rxh5+ Kxh5 {[#]} 43. g4+ $1 {[%mdl 512]} Kh6 44. g5+ Kh5 45. Be2+ Kh4 46. Qf4#) 40... Kg7 {If Black can now play ...Qc7 this consolidates a bit.} 41. Qf6+ (41. Qe5+ $18 Kh6 42. Qf4+ Kg7 43. Qf6+ Kh6 44. Re3 Rd5 45. Rh3+ Rh5 46. Rxh5+ Kxh5 {[#]} 47. g4+ $1 {[%mdl 512]} Kh6 48. g5+ Kh5 49. Be2+ Kh4 50. Qf4#) 41... Kh6 {and the idea ...Nd5 leaves Black hopeful.} 42. Re3 {[%cal Re3h3] White mates.} Qc7+ 43. f4 {[%cal Re3h3]} Qxc4 44. Rh3# ({Less strong is} 44. Rxe7 Rxe7 45. Qh4+ Kg7 46. Qxe7+ Kg8 $16) 1-0